Sports Quiz

Random Sports or NFL Quiz
Score 0/10 Timer 04:00
0 Plays Today
Worth Answer % Correct
930 MillionSt Louis Rams '
97.7%
965 MillionJacksonville Jaguars '
97.7%
1.0 BillionArizona Cardinals '
94.3%
970 MillionOakland Raiders '
93.1%
960 MillionDetroit Lions '
93.1%
1.1 BillionKansas City Chiefs '
90.8%
995 MillionSan Diego Chargers '
90.8%
990 MillionCincinnati Bengals '
88.5%
1.11 BillionNew Orleans Saints '
87.4%
935 MillionAtlanta Falcons '
87.4%
Remove Ads.
Support Sporcle.
Get the best of Sporcle when you Go Orange. This ad-free experience offers more features, more stats, and more fun while also helping to support Sporcle. Thank you for becoming a member.

You're not logged in!

Compare scores with friends on all Sporcle quizzes.
OR
Log In

Show Comments

Extras

Created Dec 20, 2014ReportNominate
Tags:NFL Quiz, Big 4, least, team, Valuable, Worth

Top Quizzes Today


Score Distribution

Your Account Isn't Verified!

In order to create a playlist on Sporcle, you need to verify the email address you used during registration. Go to your Sporcle Settings to finish the process.

Report this User

Report this user for behavior that violates our Community Guidelines.

Details: